|
|
|
|
| LEADER |
00000nab a22000005a 4500 |
| 001 |
AR-BbUGT9155 |
| 003 |
AR-BbUGT |
| 005 |
20210302062626.0 |
| 007 |
ta |
| 008 |
091209s1997||||ag |||p |||| 0|||||spa d |
| 999 |
|
|
|c 14674
|d 14674
|
| 040 |
|
|
|a AR-BbUGT
|c AR-BbUGT
|
| 100 |
1 |
|
|a Formiga, Nidia
|9 825
|
| 245 |
1 |
0 |
|a Transformaciones recientes en el espacio periurbano de Bahía Blanca, Argentina.
|
| 651 |
|
4 |
|a Bahía Blanca (Argentina)
|9 257
|
| 653 |
|
|
|a Periurbano
|
| 653 |
|
|
|a Expansión Urbana
|
| 773 |
0 |
|
|o R7103.44
|g Vol. 29, no. 114 (1997), p. 119-131
|t Revista Interamericana de Planificación
|w AR-BbUGT7099
|
| 942 |
|
|
|2 ddc
|c ARTPP
|